000 00978nam a2200289 i 4500
003 OSt
005 20260511122617.0
008 260511s2024 my er 000 0 eng
020 _a9786299934905
_cRM 56.00
_qpaperback
040 _aPPAK
_beng
_cPPAK
_erda
082 0 4 _223
_a658.4092
090 0 0 _a658.4092
_bSEK
_dG
100 0 _aSekar Shanmugam,
_eauthor.
245 1 0 _aDear Boss, 5 Reasons Why I'm NOT Leaving! :
_bLessons & Ideas for the new (and not so new) people manager /
_cSekar Shanmugam ; Edited by: Anna Tan
250 _aFirst Edition: May 2024
264 1 _a[Malaysia] :
_bProfitability (M) Sdn Bhd,
_c[2024]
300 _a237 pages ;
_c21 cm
336 _atext
_2rdacontent
337 _aunmediated
_2rdamedia
338 _avolume
_2rdacarrier
504 _aBibliography: pages 225-237
650 1 0 _aLeadership
650 2 0 _aManagement
650 2 0 _aExecutives
700 1 _aTan, Anna,
_eeditor.
942 _2ddc
_cB
999 _c204155
_d204155